[Event "U12 Burschen Blitz"]
[Site "austriaU18boys"]
[Date "2020.12.11"]
[Round "6"]
[White "DoHoChess"]
[Black "XsuperMario"]
[Result "1-0"]
[WhiteElo "2247"]
[BlackElo "1535"]
[PlyCount "63"]
[EventDate "2020.12.11"]
[EventType "blitz"]

1. Nf3 {[%emt 0:00:01]} d5 {[%emt 0:00:06]} 2. d4 {[%emt 0:00:01]} e6 {[%emt 0:00:01]} 3. c4 {[%emt 0:00:00]} Nf6 {[%emt 0:00:01]} 4. g3 {[%emt 0:00:01]} Nc6 {[%emt 0:00:02]} 5. Bg2 {[%emt 0:00:02]} Be7 {[%emt 0:00:04]} 6. O-O {[%emt 0:00:01]} O-O {[%emt 0:00:01]} 7. Nc3 {[%emt 0:00:01]} b6 {[%emt 0:00:02]} 8. cxd5 {[%emt 0:00:01]} exd5 {[%emt 0:00:01]} 9. Bf4 {[%emt 0:00:01]} Bb7 {[%emt 0:00:02]} 10. Rc1 {[%emt 0:00:00]} Re8 {[%emt 0:00:03]} 11. Ne5 {[%emt 0:00:01]} Bd6 {[%emt 0:00:10]} 12. Nxd5 {[%emt 0:00:11]} Bxe5 {[%emt 0:00:18]} 13. dxe5 {[%emt 0:00:02]} Nxd5 {[%emt 0:00:12]} 14. Qxd5 {[%emt 0:00:00]} Qxd5 {[%emt 0:00:02]} 15. Bxd5 {[%emt 0:00:00]} Na5 {[%emt 0:00:16]} 16. Bxb7 {[%emt 0:00:03]} Nxb7 {[%emt 0:00:00]} 17. Rxc7 {[%emt 0:00:00]} Nc5 {[%emt 0:00:04]} 18. Rd1 {[%emt 0:00:01]} Re6 {[%emt 0:00:10]} 19. Rxa7 {[%emt 0:00:04]} Rae8 {[%emt 0:00:06]} 20. b4 {[%emt 0:00:02]} Ne4 {[%emt 0:00:05]} 21. Rdd7 {[%emt 0:00:01]} Rf8 {[%emt 0:00:11]} 22. a4 {[%emt 0:00:01]} Nc3 {[%emt 0:00:03]} 23. Kf1 {[%emt 0:00:04]} Na2 {[%emt 0:00:13]} 24. Bd2 {[%emt 0:00:03]} Rc6 {[%emt 0:00:07]} 25. a5 {[%emt 0:00:04]} bxa5 {[%emt 0:00:08]} 26. bxa5 {[%emt 0:00:01]} Nc1 {[%emt 0:00:02]} 27. Rab7 {[%emt 0:00:06]} Rc2 {[%emt 0:00:14]} 28. Bb4 {[%emt 0:00:03]} Ra8 {[%emt 0:00:06]} 29. Rxf7 {[%emt 0:00:01]} Nxe2 {[%emt 0:00:08]} 30. Rxg7+ {[%emt 0:00:01]} Kh8 {[%emt 0:00:01]} 31. Rxh7+ {[%emt 0:00:00]} Kg8 {[%emt 0:00:04]} 32. Rbg7# {[%emt 0:00:00] (Lag: Av=0.36s, max=0.9s) Mate} 1-0

[Event "U12 Burschen Blitz"]
[Site "austriaU18boys"]
[Date "2020.12.11"]
[Round "6"]
[White "Beckenbauer23"]
[Black "Jakob19"]
[Result "1/2-1/2"]
[WhiteElo "2066"]
[BlackElo "2050"]
[Annotator "NA"]
[PlyCount "79"]
[EventDate "2020.12.11"]
[EventType "blitz"]

1. e4 {[%emt 0:00:02]} e5 {[%emt 0:00:03]} 2. Nf3 {[%emt 0:00:02]} Nf6 {[%emt 0:00:01]} 3. Nc3 {[%emt 0:00:01]} Nc6 {[%emt 0:00:02]} 4. a3 {[%emt 0:00:00]} d5 {[%emt 0:00:02]} 5. Bb5 {[%emt 0:00:01]} d4 {[%emt 0:00:40]} 6. Ne2 {[%emt 0:00:02]} Bd6 {[%emt 0:00:02]} 7. d3 {[%emt 0:00:00]} Bd7 {[%emt 0:00:03]} 8. O-O {[%emt 0:00:02]} O-O {[%emt 0:00:01]} 9. Bc4 {[%emt 0:00:01]} Ne7 {[%emt 0:00:04]} 10. Nxe5 {[%emt 0:00:16]} Bxe5 {[%emt 0:00:03]} 11. f4 {[%emt 0:00:01]} Nc6 {[%emt 0:00:11]} 12. fxe5 {[%emt 0:00:02]} Ng4 {[%emt 0:00:11]} 13. Bf4 {[%emt 0:00:19]} Ngxe5 {[%emt 0:00:05]} 14. Ba2 {[%emt 0:00:02]} Be6 {[%emt 0:00:06]} 15. Bxe6 {[%emt 0:00:06]} fxe6 {[%emt 0:00:00]} 16. Qe1 {[%emt 0:00:05]} Ng6 {[%emt 0:00:06]} 17. Qg3 {[%emt 0:00:05]} e5 {[%emt 0:00:08]} 18. Bg5 {[%emt 0:00:04]} Qd6 {[%emt 0:00:01]} 19. Rf5 {[%emt 0:00:03]} Rxf5 {[%emt 0:00:08]} 20. exf5 {[%emt 0:00:01]} Nge7 {[%emt 0:00:02]} 21. Rf1 {[%emt 0:00:05]} Rf8 {[%emt 0:00:03]} 22. f6 {[%emt 0:00:03]} Ng6 {[%emt 0:00:04]} 23. fxg7 {[%emt 0:00:25]} Rxf1+ {[%emt 0:00:03]} 24. Kxf1 {[%emt 0:00:00]} Qe6 {[%emt 0:00:16]} 25. Bh6 {[%emt 0:00:27]} Nce7 {[%emt 0:00:05]} 26. Qf3 {[%emt 0:00:15]} Qf5 {[%emt 0:00:06]} 27. Ng3 {[%emt 0:00:09]} Qxf3+ {[%emt 0:00:01]} 28. gxf3 {[%emt 0:00:00]} Kf7 {[%emt 0:00:38]} 29. Nh5 {[%emt 0:00:11]} Nf5 {[%emt 0:00:08]} 30. Bg5 {[%emt 0:00:02]} Nxg7 {[%emt 0:00:02]} 31. Nxg7 {[%emt 0:00:26]} Kxg7 {[%emt 0:00:00]} 32. Kf2 {[%emt 0:00:02]} Kf7 {[%emt 0:00:01]} 33. Kg3 {[%emt 0:00:04]} h5 {[%emt 0:00:04]} 34. f4 {[%emt 0:00:06]} Ke6 {[%emt 0:00:05]} 35. fxe5 {[%emt 0:00:08]} Kxe5 {[%emt 0:00:02]} 36. Bd8 {[%emt 0:00:04]} c5 {[%emt 0:00:04]} 37. Bc7+ {[%emt 0:00:08]} Kd5 {[%emt 0:00:01]} 38. h3 {[%emt 0:00:16]} b5 {[%emt 0:00:01]} 39. Bb8 {[%emt 0:00:01]} a6 {[%emt 0:00:03] Beckenbauer23 bietet Remis} 40. Bc7 {[%emt 0:00:05] (Lag: Av=0.40s, max=1.1s)} 1/2-1/2

[Event "U12 Burschen Blitz"]
[Site "austriaU18boys"]
[Date "2020.12.11"]
[Round "6"]
[White "Sebsep1"]
[Black "Dagobert Duck"]
[Result "0-1"]
[WhiteElo "2039"]
[BlackElo "2029"]
[Annotator "NA"]
[PlyCount "72"]
[EventDate "2020.12.11"]
[EventType "blitz"]

1. e4 {[%emt 0:00:02]} d6 {[%emt 0:00:01]} 2. d4 {[%emt 0:00:02]} Nf6 {[%emt 0:00:01]} 3. Nc3 {[%emt 0:00:02]} g6 {[%emt 0:00:01]} 4. Bc4 {[%emt 0:00:03]} Bg7 {[%emt 0:00:03]} 5. Bb3 {[%emt 0:00:02]} O-O {[%emt 0:00:03]} 6. h3 {[%emt 0:00:03]} Nc6 {[%emt 0:00:12]} 7. Nf3 {[%emt 0:00:02]} Na5 {[%emt 0:00:10]} 8. O-O {[%emt 0:00:04]} Nxb3 {[%emt 0:00:01]} 9. axb3 {[%emt 0:00:00]} b6 {[%emt 0:00:04]} 10. b4 {[%emt 0:00:09]} Bb7 {[%emt 0:00:02]} 11. Re1 {[%emt 0:00:03]} a5 {[%emt 0:00:13]} 12. b5 {[%emt 0:00:00]} e6 {[%emt 0:00:18]} 13. Qd3 {[%emt 0:00:19]} Qd7 {[%emt 0:00:03]} 14. d5 {[%emt 0:00:09]} Rae8 {[%emt 0:00:07]} 15. Bd2 {[%emt 0:00:07]} exd5 {[%emt 0:00:04]} 16. exd5 {[%emt 0:00:02]} Qd8 {[%emt 0:00:20]} 17. Bg5 {[%emt 0:00:18]} Qa8 {[%emt 0:00:05]} 18. Red1 {[%emt 0:00:26]} h6 {[%emt 0:00:06]} 19. Bf4 {[%emt 0:00:06]} Qd8 {[%emt 0:00:16]} 20. Qc4 {[%emt 0:00:10]} Bc8 {[%emt 0:00:04]} 21. Nd4 {[%emt 0:00:02]} Bd7 {[%emt 0:00:20]} 22. Nc6 {[%emt 0:00:05]} Qc8 {[%emt 0:00:07]} 23. Ra3 {[%emt 0:00:21]} Bf5 {[%emt 0:00:03]} 24. Rd2 {[%emt 0:00:36]} Ne4 {[%emt 0:00:05]} 25. Nxe4 {[%emt 0:00:17]} Rxe4 {[%emt 0:00:02]} 26. Qb3 {[%emt 0:00:02]} Rfe8 {[%emt 0:00:09]} 27. Ra4 {[%emt 0:00:01]} Re1+ {[%emt 0:00:12]} 28. Kh2 {[%emt 0:00:02]} Bd7 {[%emt 0:00:01]} 29. Bg3 {[%emt 0:00:04]} Bxc6 {[%emt 0:00:01]} 30. bxc6 {[%emt 0:00:01]} Rb1 {[%emt 0:00:10]} 31. c3 {[%emt 0:00:03]} Ree1 {[%emt 0:00:01]} 32. Bf4 {[%emt 0:00:06]} g5 {[%emt 0:00:04]} 33. Be3 {[%emt 0:00:05]} Rh1+ {[%emt 0:00:07]} 34. Kg3 {[%emt 0:00:01]} Be5+ {[%emt 0:00:00]} 35. Kf3 {[%emt 0:00:00]} Qf5+ {[%emt 0:00:01]} 36. Ke2 {[%emt 0:00:00]} Rhe1# {[%emt 0:00:02] Mate Mate} 0-1

[Event "U12 Burschen Blitz"]
[Site "austriaU18boys"]
[Date "2020.12.11"]
[Round "6"]
[White "Paligator"]
[Black "Jules2520"]
[Result "1-0"]
[WhiteElo "2008"]
[BlackElo "1662"]
[Annotator "NA"]
[PlyCount "47"]
[EventDate "2020.12.11"]
[EventType "blitz"]

1. c4 {[%emt 0:00:02]} Nf6 {[%emt 0:00:05]} 2. g3 {[%emt 0:00:04]} e6 {[%emt 0:00:02]} 3. Bg2 {[%emt 0:00:02]} d5 {[%emt 0:00:01]} 4. Nf3 {[%emt 0:00:01]} Be7 {[%emt 0:00:01]} 5. O-O {[%emt 0:00:01]} O-O {[%emt 0:00:01]} 6. b3 {[%emt 0:00:01]} b6 {[%emt 0:00:05]} 7. Bb2 {[%emt 0:00:02]} Bb7 {[%emt 0:00:02]} 8. e3 {[%emt 0:00:01]} c5 {[%emt 0:00:02]} 9. Nc3 {[%emt 0:00:04]} Nc6 {[%emt 0:00:13]} 10. cxd5 {[%emt 0:00:02]} Nxd5 {[%emt 0:00:07]} 11. Nxd5 {[%emt 0:00:02]} Qxd5 {[%emt 0:00:12]} 12. d4 {[%emt 0:00:01]} Rac8 {[%emt 0:00:23]} 13. Ne5 {[%emt 0:00:46]} Qd8 {[%emt 0:00:08]} 14. dxc5 {[%emt 0:00:14]} Bxc5 {[%emt 0:00:08]} 15. Nd7 {[%emt 0:00:03]} Re8 {[%emt 0:00:19]} 16. Qg4 {[%emt 0:00:17]} e5 {[%emt 0:00:29]} 17. Nxc5 {[%emt 0:00:23]} bxc5 {[%emt 0:00:04]} 18. Rfd1 {[%emt 0:00:01]} Qb6 {[%emt 0:00:20]} 19. Rac1 {[%emt 0:00:21]} Nb4 {[%emt 0:00:13]} 20. Bxb7 {[%emt 0:00:35]} Qxb7 {[%emt 0:00:00]} 21. Rd7 {[%emt 0:00:04]} Qb6 {[%emt 0:00:10]} 22. Rcd1 {[%emt 0:00:25]} Rc7 {[%emt 0:00:19]} 23. Bxe5 {[%emt 0:00:07]} Rxd7 {[%emt 0:00:05]} 24. Qxg7# {[%emt 0:00:02] Mate Mate} 1-0

[Event "U12 Burschen Blitz"]
[Site "austriaU18boys"]
[Date "2020.12.11"]
[Round "6"]
[White "Kreuzturm"]
[Black "Pernerstorfer_Max"]
[Result "1-0"]
[WhiteElo "1947"]
[BlackElo "1885"]
[Annotator "NA"]
[PlyCount "127"]
[EventDate "2020.12.11"]
[EventType "blitz"]

1. d4 {[%emt 0:00:05]} Nf6 {[%emt 0:00:01]} 2. Nf3 {[%emt 0:00:03]} g6 {[%emt 0:00:06]} 3. g3 {[%emt 0:00:02]} Bg7 {[%emt 0:00:01]} 4. Bg2 {[%emt 0:00:01]} O-O {[%emt 0:00:01]} 5. O-O {[%emt 0:00:01]} d6 {[%emt 0:00:01]} 6. c4 {[%emt 0:00:01]} c6 {[%emt 0:00:02]} 7. Nc3 {[%emt 0:00:01]} Nbd7 {[%emt 0:00:01]} 8. e4 {[%emt 0:00:02]} e5 {[%emt 0:00:01]} 9. h3 {[%emt 0:00:03]} exd4 {[%emt 0:00:16]} 10. Nxd4 {[%emt 0:00:02]} Re8 {[%emt 0:00:01]} 11. Re1 {[%emt 0:00:05]} a5 {[%emt 0:00:12]} 12. Be3 {[%emt 0:00:06]} Nc5 {[%emt 0:00:03]} 13. Qc2 {[%emt 0:00:13]} Qc7 {[%emt 0:00:32]} 14. Rad1 {[%emt 0:00:14]} Ne6 {[%emt 0:00:12]} 15. Kh2 {[%emt 0:01:17]} Bd7 {[%emt 0:00:14]} 16. b3 {[%emt 0:00:17]} Rad8 {[%emt 0:00:04]} 17. Rd2 {[%emt 0:00:15]} Nc5 {[%emt 0:00:15]} 18. Red1 {[%emt 0:00:29]} Bc8 {[%emt 0:00:52]} 19. Bf4 {[%emt 0:00:02]} Nh5 {[%emt 0:00:04]} 20. Be3 {[%emt 0:00:02]} f5 {[%emt 0:00:06]} 21. exf5 {[%emt 0:00:04]} Bxf5 {[%emt 0:00:00]} 22. Nxf5 {[%emt 0:00:01]} gxf5 {[%emt 0:00:08]} 23. Bxc5 {[%emt 0:00:11]} dxc5 {[%emt 0:00:07]} 24. Qxf5 {[%emt 0:00:01]} Rxd2 {[%emt 0:00:02]} 25. Rxd2 {[%emt 0:00:01]} Nf6 {[%emt 0:00:03]} 26. Ne4 {[%emt 0:00:05]} Nxe4 {[%emt 0:00:07]} 27. Bxe4 {[%emt 0:00:02]} Qe5 {[%emt 0:00:11]} 28. Qxh7+ {[%emt 0:00:02]} Kf7 {[%emt 0:00:01]} 29. Bg6+ {[%emt 0:00:02]} Kf6 {[%emt 0:00:05]} 30. Bxe8 {[%emt 0:00:02]} Qxe8 {[%emt 0:00:01]} 31. Qh4+ {[%emt 0:00:04]} Kf7 {[%emt 0:00:03]} 32. Qh5+ {[%emt 0:00:04]} Kf8 {[%emt 0:00:01]} 33. Qxe8+ {[%emt 0:00:02]} Kxe8 {[%emt 0:00:00]} 34. f4 {[%emt 0:00:01]} Bd4 {[%emt 0:00:01]} 35. g4 {[%emt 0:00:02]} b5 {[%emt 0:00:00]} 36. Re2+ {[%emt 0:00:01]} Kf7 {[%emt 0:00:03]} 37. Kg3 {[%emt 0:00:01]} a4 {[%emt 0:00:02]} 38. f5 {[%emt 0:00:02]} axb3 {[%emt 0:00:04]} 39. axb3 {[%emt 0:00:01]} bxc4 {[%emt 0:00:01]} 40. bxc4 {[%emt 0:00:00]} Kf6 {[%emt 0:00:01]} 41. Kf4 {[%emt 0:00:01]} Bc3 {[%emt 0:00:05]} 42. g5+ {[%emt 0:00:01]} Kf7 {[%emt 0:00:01]} 43. Kg4 {[%emt 0:00:00]} Kg7 {[%emt 0:00:01]} 44. h4 {[%emt 0:00:00]} Bd4 {[%emt 0:00:04]} 45. h5 {[%emt 0:00:00]} Kf7 {[%emt 0:00:03]} 46. Re6 {[%emt 0:00:00]} Kf8 {[%emt 0:00:02]} 47. Rxc6 {[%emt 0:00:00]} Kf7 {[%emt 0:00:01]} 48. Ra6 {[%emt 0:00:02]} Be5 {[%emt 0:00:01]} 49. h6 {[%emt 0:00:01]} Kg8 {[%emt 0:00:05]} 50. g6 {[%emt 0:00:01]} Bd6 {[%emt 0:00:02]} 51. Ra8+ {[%emt 0:00:02]} Bf8 {[%emt 0:00:02]} 52. g7 {[%emt 0:00:02]} Kh7 {[%emt 0:00:03]} 53. gxf8=N+ {[%emt 0:00:02]} Kg8 {[%emt 0:00:02]} 54. h7+ {[%emt 0:00:02]} Kf7 {[%emt 0:00:02]} 55. Nd7 {[%emt 0:00:11]} Ke7 {[%emt 0:00:02]} 56. Nxc5 {[%emt 0:00:01]} Kd6 {[%emt 0:00:02]} 57. Ne4+ {[%emt 0:00:04]} Ke5 {[%emt 0:00:01]} 58. h8=Q+ {[%emt 0:00:02]} Kxe4 {[%emt 0:00:01]} 59. Re8+ {[%emt 0:00:03]} Kd3 {[%emt 0:00:01]} 60. Qh3+ {[%emt 0:00:02]} Kxc4 {[%emt 0:00:03]} 61. Rd8 {[%emt 0:00:01]} Kc5 {[%emt 0:00:01]} 62. Qc3+ {[%emt 0:00:02]} Kb5 {[%emt 0:00:03]} 63. Rb8+ {[%emt 0:00:01]} Ka4 {[%emt 0:00:01]} 64. Qa1# {[%emt 0:00:01] Mate Mate} 1-0

[Event "U12 Burschen Blitz"]
[Site "austriaU18boys"]
[Date "2020.12.11"]
[Round "6"]
[White "Couvervan"]
[Black "Laurin3006"]
[Result "0-1"]
[WhiteElo "1677"]
[BlackElo "1603"]
[Annotator "NA"]
[PlyCount "142"]
[EventDate "2020.12.11"]
[EventType "blitz"]

1. e4 {[%emt 0:00:01]} c6 {[%emt 0:00:01]} 2. c4 {[%emt 0:00:02]} d5 {[%emt 0:00:01]} 3. Nc3 {[%emt 0:00:00]} dxe4 {[%emt 0:00:05]} 4. Nxe4 {[%emt 0:00:00]} Bf5 {[%emt 0:00:01]} 5. Ng3 {[%emt 0:00:01]} Bg6 {[%emt 0:00:01]} 6. h4 {[%emt 0:00:04]} h6 {[%emt 0:00:01]} 7. h5 {[%emt 0:00:01]} Bh7 {[%emt 0:00:12]} 8. d4 {[%emt 0:00:01]} e6 {[%emt 0:00:03]} 9. Nf3 {[%emt 0:00:02]} Nf6 {[%emt 0:00:01]} 10. Bd2 {[%emt 0:00:16]} Be7 {[%emt 0:00:04]} 11. Bc3 {[%emt 0:00:11]} Nbd7 {[%emt 0:00:19]} 12. Bd3 {[%emt 0:00:02]} Bxd3 {[%emt 0:00:02]} 13. Qxd3 {[%emt 0:00:00]} O-O {[%emt 0:00:02]} 14. O-O {[%emt 0:00:12]} Rc8 {[%emt 0:00:16]} 15. Rad1 {[%emt 0:00:06]} Qc7 {[%emt 0:00:10]} 16. c5 {[%emt 0:00:12]} Qf4 {[%emt 0:00:33]} 17. Bd2 {[%emt 0:00:35]} Qg4 {[%emt 0:00:09]} 18. Nh2 {[%emt 0:00:05]} Qh4 {[%emt 0:00:02]} 19. Qf3 {[%emt 0:00:49]} Nd5 {[%emt 0:00:24]} 20. Qe4 {[%emt 0:00:18]} Qxe4 {[%emt 0:00:15]} 21. Nxe4 {[%emt 0:00:00]} N7f6 {[%emt 0:00:01]} 22. Nxf6+ {[%emt 0:00:04]} Bxf6 {[%emt 0:00:00]} 23. Be3 {[%emt 0:00:06]} Rfd8 {[%emt 0:00:16]} 24. a3 {[%emt 0:00:07]} Nxe3 {[%emt 0:00:05]} 25. fxe3 {[%emt 0:00:00]} e5 {[%emt 0:00:01]} 26. Ng4 {[%emt 0:00:08]} exd4 {[%emt 0:00:24]} 27. Nxf6+ {[%emt 0:00:02]} gxf6 {[%emt 0:00:00]} 28. Rxd4 {[%emt 0:00:15]} Rxd4 {[%emt 0:00:08]} 29. exd4 {[%emt 0:00:00]} Kg7 {[%emt 0:00:01]} 30. Re1 {[%emt 0:00:05]} Rc7 {[%emt 0:00:03]} 31. Kf2 {[%emt 0:00:01]} f5 {[%emt 0:00:02]} 32. Kf3 {[%emt 0:00:01]} Kf6 {[%emt 0:00:01]} 33. Re5 {[%emt 0:00:08]} Rd7 {[%emt 0:00:02]} 34. Ke3 {[%emt 0:00:01]} Kg5 {[%emt 0:00:07]} 35. g3 {[%emt 0:00:03]} f6 {[%emt 0:00:02]} 36. Re8 {[%emt 0:00:05]} Kxh5 {[%emt 0:00:02]} 37. Rg8 {[%emt 0:00:01]} Re7+ {[%emt 0:00:05]} 38. Kf4 {[%emt 0:00:02]} Re4+ {[%emt 0:00:06]} 39. Kxf5 {[%emt 0:00:01]} Rxd4 {[%emt 0:00:01]} 40. Kxf6 {[%emt 0:00:02]} Rd5 {[%emt 0:00:04]} 41. Rg6 {[%emt 0:00:05]} Rxc5 {[%emt 0:00:02]} 42. g4+ {[%emt 0:00:01]} Kh4 {[%emt 0:00:01]} 43. Rxh6+ {[%emt 0:00:01]} Kxg4 {[%emt 0:00:01]} 44. Rh7 {[%emt 0:00:01]} Rb5 {[%emt 0:00:01]} 45. Rh2 {[%emt 0:00:01]} Kf4 {[%emt 0:00:01]} 46. Ke6 {[%emt 0:00:01]} Ke4 {[%emt 0:00:01]} 47. Kd6 {[%emt 0:00:01]} Kd4 {[%emt 0:00:01]} 48. Rc2 {[%emt 0:00:03]} Kd3 {[%emt 0:00:01]} 49. Rc1 {[%emt 0:00:04]} Kd2 {[%emt 0:00:01]} 50. Rc4 {[%emt 0:00:03]} Rxb2 {[%emt 0:00:02]} 51. Kc7 {[%emt 0:00:01]} Kd3 {[%emt 0:00:02]} 52. Ra4 {[%emt 0:00:01]} a6 {[%emt 0:00:04]} 53. Ra5 {[%emt 0:00:01]} Kc4 {[%emt 0:00:02]} 54. Kd6 {[%emt 0:00:01]} Rb5 {[%emt 0:00:05]} 55. Ra4+ {[%emt 0:00:03]} Kb3 {[%emt 0:00:01]} 56. Re4 {[%emt 0:00:06]} Kxa3 {[%emt 0:00:01]} 57. Kc7 {[%emt 0:00:01]} Kb3 {[%emt 0:00:04]} 58. Kd6 {[%emt 0:00:02]} a5 {[%emt 0:00:01]} 59. Re1 {[%emt 0:00:02]} a4 {[%emt 0:00:01]} 60. Rb1+ {[%emt 0:00:00]} Kc4 {[%emt 0:00:01]} 61. Ra1 {[%emt 0:00:01]} Ra5 {[%emt 0:00:04]} 62. Kc7 {[%emt 0:00:02]} Rb5 {[%emt 0:00:07]} 63. Rxa4+ {[%emt 0:00:02]} Kb3 {[%emt 0:00:01]} 64. Ra7 {[%emt 0:00:02]} c5 {[%emt 0:00:02]} 65. Ra1 {[%emt 0:00:05]} c4 {[%emt 0:00:01]} 66. Kd6 {[%emt 0:00:03]} c3 {[%emt 0:00:01]} 67. Rb1+ {[%emt 0:00:07]} Kc4 {[%emt 0:00:02]} 68. Rc1 {[%emt 0:00:00]} Rb2 {[%emt 0:00:04]} 69. Rd1 {[%emt 0:00:02]} c2 {[%emt 0:00:01]} 70. Rc1 {[%emt 0:00:02]} Kc3 {[%emt 0:00:01]} 71. Kd5 {[%emt 0:00:01]} Rb1 {[%emt 0:00:01] Couvervan resigns} 0-1

[Event "U12 Burschen Blitz"]
[Site "austriaU18boys"]
[Date "2020.12.11"]
[Round "6"]
[White "Schröttner Tobias"]
[Black "Johannes11"]
[Result "1-0"]
[WhiteElo "1640"]
[BlackElo "1535"]
[Annotator "NA"]
[PlyCount "97"]
[EventDate "2020.12.11"]
[EventType "blitz"]

1. e4 {[%emt 0:01:06]} c5 {[%emt 0:00:03]} 2. Nf3 {[%emt 0:00:01]} Nc6 {[%emt 0:00:01]} 3. d4 {[%emt 0:00:01]} cxd4 {[%emt 0:00:01]} 4. Nxd4 {[%emt 0:00:00]} Nf6 {[%emt 0:00:02]} 5. Nc3 {[%emt 0:00:01]} e5 {[%emt 0:00:15]} 6. Ndb5 {[%emt 0:00:05]} d6 {[%emt 0:00:02]} 7. Bg5 {[%emt 0:00:03]} a6 {[%emt 0:00:02]} 8. Na3 {[%emt 0:00:02]} b5 {[%emt 0:00:01]} 9. Nd5 {[%emt 0:00:02]} Be7 {[%emt 0:00:01]} 10. Nxe7 {[%emt 0:00:01]} Qxe7 {[%emt 0:00:03]} 11. Bd3 {[%emt 0:00:02]} h6 {[%emt 0:00:11]} 12. Bh4 {[%emt 0:00:06]} g5 {[%emt 0:00:02]} 13. Bg3 {[%emt 0:00:02]} Be6 {[%emt 0:00:05]} 14. c3 {[%emt 0:00:03]} O-O {[%emt 0:00:18]} 15. O-O {[%emt 0:00:03]} Rfd8 {[%emt 0:00:10]} 16. Qf3 {[%emt 0:00:09]} Na5 {[%emt 0:00:10]} 17. Rad1 {[%emt 0:00:06]} Nc4 {[%emt 0:00:16]} 18. Nxc4 {[%emt 0:00:03]} bxc4 {[%emt 0:00:04]} 19. Bc2 {[%emt 0:00:01]} Rab8 {[%emt 0:00:07]} 20. b4 {[%emt 0:00:18]} cxb3 {[%emt 0:00:02]} 21. axb3 {[%emt 0:00:02]} Bxb3 {[%emt 0:00:02]} 22. Bxb3 {[%emt 0:00:01]} Rxb3 {[%emt 0:00:00]} 23. Ra1 {[%emt 0:00:01]} Rb6 {[%emt 0:00:10]} 24. Qd3 {[%emt 0:00:02]} Rc8 {[%emt 0:00:28]} 25. Rfd1 {[%emt 0:00:05]} Rbc6 {[%emt 0:00:10]} 26. Rxa6 {[%emt 0:00:04]} Rxa6 {[%emt 0:00:18]} 27. Qxa6 {[%emt 0:00:02]} Rxc3 {[%emt 0:00:04]} 28. Qa8+ {[%emt 0:00:07]} Kg7 {[%emt 0:00:02]} 29. h3 {[%emt 0:00:02]} Rc4 {[%emt 0:00:10]} 30. f3 {[%emt 0:00:05]} Qc7 {[%emt 0:00:06]} 31. Qa6 {[%emt 0:00:12]} Rc6 {[%emt 0:00:02]} 32. Qa3 {[%emt 0:00:05]} Nd7 {[%emt 0:00:10]} 33. Qe3 {[%emt 0:00:20]} Nc5 {[%emt 0:00:06]} 34. Rd5 {[%emt 0:00:07]} Ne6 {[%emt 0:00:02]} 35. Kh2 {[%emt 0:00:09]} Rc5 {[%emt 0:00:09]} 36. Rd2 {[%emt 0:00:04]} Rc2 {[%emt 0:00:04]} 37. Qd3 {[%emt 0:00:03]} Rxd2 {[%emt 0:00:02]} 38. Qxd2 {[%emt 0:00:01]} Nd4 {[%emt 0:00:02]} 39. f4 {[%emt 0:00:13]} exf4 {[%emt 0:00:04]} 40. Qxd4+ {[%emt 0:00:02]} f6 {[%emt 0:00:06]} 41. Bf2 {[%emt 0:00:02]} d5 {[%emt 0:00:04]} 42. exd5 {[%emt 0:00:06]} f3+ {[%emt 0:00:01]} 43. d6 {[%emt 0:00:01]} Qc2 {[%emt 0:00:03]} 44. gxf3 {[%emt 0:00:02]} Qf5 {[%emt 0:00:02]} 45. d7 {[%emt 0:00:03]} Qe5+ {[%emt 0:00:04]} 46. Qxe5 {[%emt 0:00:02]} fxe5 {[%emt 0:00:01]} 47. d8=Q {[%emt 0:00:01]} Kg6 {[%emt 0:00:01]} 48. Qf8 {[%emt 0:00:09]} Kh5 {[%emt 0:00:01]} 49. Qf7# {[%emt 0:00:02] Mate Mate} 1-0

[Event "U12 Burschen Blitz"]
[Site "austriaU18boys"]
[Date "2020.12.11"]
[Round "6"]
[White "Nicolas Moser"]
[Black "Flotschiiii"]
[Result "1/2-1/2"]
[WhiteElo "1605"]
[BlackElo "1692"]
[Annotator "NA"]
[PlyCount "42"]
[EventDate "2020.12.11"]
[EventType "blitz"]

1. e4 {[%emt 0:00:28]} c5 {[%emt 0:00:03]} 2. Nf3 {[%emt 0:00:01]} d6 {[%emt 0:00:01]} 3. d4 {[%emt 0:00:00]} cxd4 {[%emt 0:00:00]} 4. Nxd4 {[%emt 0:00:01]} Nf6 {[%emt 0:00:00]} 5. Nc3 {[%emt 0:00:01]} Nc6 {[%emt 0:00:01]} 6. Be3 {[%emt 0:00:01]} Ng4 {[%emt 0:00:02]} 7. Nxc6 {[%emt 0:00:11]} bxc6 {[%emt 0:00:13]} 8. Qd2 {[%emt 0:00:22]} Nxe3 {[%emt 0:00:09]} 9. Qxe3 {[%emt 0:00:01]} e5 {[%emt 0:00:01]} 10. Bc4 {[%emt 0:00:06]} Be7 {[%emt 0:00:02]} 11. O-O {[%emt 0:00:04]} Bg5 {[%emt 0:00:18]} 12. Qg3 {[%emt 0:00:12]} O-O {[%emt 0:00:02]} 13. Rad1 {[%emt 0:00:07]} Bf4 {[%emt 0:00:02]} 14. Qd3 {[%emt 0:00:05]} Bg4 {[%emt 0:00:19]} 15. f3 {[%emt 0:00:12]} Qh4 {[%emt 0:00:02]} 16. g3 {[%emt 0:00:29]} Bxg3 {[%emt 0:00:37]} 17. hxg3 {[%emt 0:00:02]} Qxg3+ {[%emt 0:00:03]} 18. Kh1 {[%emt 0:00:01]} Qh3+ {[%emt 0:00:30]} 19. Kg1 {[%emt 0:00:01]} Qg3+ {[%emt 0:00:19]} 20. Kh1 {[%emt 0:00:01]} Qh3+ {[%emt 0:00:46]} 21. Kg1 {[%emt 0:00:01]} Qg3+ {[%emt 0:00:01] Threefold Rep Threefold Rep} 1/2-1/2